[Event "Rilton Cup 2013-14"]
[Site "Stockholm SWE"]
[Date "2013.12.27"]
[Round "1.1"]
[White "Von Bahr, Oskar"]
[Black "Socko, Bartosz"]
[Result "0-1"]
[WhiteTitle "FM"]
[BlackTitle "GM"]
[WhiteElo "2298"]
[BlackElo "2657"]
[WhiteFideId "1703250"]
[BlackFideId "1107038"]
[EventDate "2013.12.27"]

1. c4 Nf6 2. g3 e6 3. Bg2 d5 4. Nf3 dxc4 5. Na3 Bxa3 6. bxa3 a6 7. O-O b5 8. Ng5
Nd5 9. d3 cxd3 10. Qxd3 h6 11. e4 hxg5 12. exd5 exd5 13. Re1+ Kf8 14. Qxd5 Qxd5
15. Bxd5 c6 16. Bg2 f6 17. Be3 Kf7 18. Rad1 Re8 19. Rd6 Ra7 20. h4 gxh4 21. Bxa7
Rxe1+ 22. Kh2 Nd7 23. Bh3 Ke7 24. Rd4 hxg3+ 25. Kxg3 Re5 26. a4 c5 27. Rh4 Bb7
28. f4 Re3+ 29. Kf2 Ra3 30. Rh7 Rxa2+ 31. Ke3 Ra3+ 32. Kd2 Rg3 33. axb5 Be4 34.
Rh8 axb5 35. Bxd7 Rd3+ 36. Ke2 Rxd7 37. Bxc5+ Ke6 38. Ke3 Kf5 39. Rh5+ Kg4 40.
Rh2 Kf5 41. Rh5+ Kg4 42. Rh2 Kg3 43. Rb2 Bc6 44. Rb1 Kg4 45. Bf8 g6 46. Rg1+ Kf5
47. Rc1 Bg2 48. Bb4 Rd5 49. Ba5 Be4 50. Rc3 Bb1 51. Bb4 Ba2 52. Rc6 Bc4 53. Be7
Rd3+ 54. Kf2 Rd2+ 55. Kg3 Rd3+ 56. Kf2 Kxf4 57. Rxf6+ Kg5 58. Rc6+ Kh5 59. Rc5+
Rd5 60. Rc8 Kg4 61. Bb4 Re5 62. Ra8 Re2+ 63. Kg1 Rg2+ 64. Kh1 Rb2 0-1

[Event "Rilton Cup 2013-14"]
[Site "Stockholm SWE"]
[Date "2013.12.27"]
[Round "1.3"]
[White "Luukkonen, Tommi"]
[Black "Krasenkow, Michal"]
[Result "0-1"]
[WhiteTitle "FM"]
[BlackTitle "GM"]
[WhiteElo "2285"]
[BlackElo "2633"]
[WhiteFideId "501808"]
[BlackFideId "1113100"]
[EventDate "2013.12.27"]

1. c4 e5 2. g3 c6 3. d4 Bb4+ 4. Bd2 Bxd2+ 5. Qxd2 d6 6. Nc3 Nf6 7. Bg2 O-O 8. e3
Nbd7 9. Nge2 Re8 10. h3 e4 11. g4 h6 12. Ng3 d5 13. cxd5 cxd5 14. h4 Nb6 15. g5
Ng4 16. O-O-O Nc4 17. Qe2 f5 18. gxf6 Nxf6 19. Bh3 g6 20. Kb1 b5 21. Rdg1 Kh7
22. Qd1 Qa5 23. Nge2 b4 24. Na4 b3 25. axb3 Nd2+ 26. Kc2 Nf3 27. Rg3 Nh5 28.
Rxf3 exf3 29. Nec3 Rf8 30. Nc5 Bf5+ 31. Bxf5 Rxf5 32. Rh3 Raf8 33. Nd7 R8f7 34.
Ne5 Rb7 35. Qg1 Qb6 36. b4 Qe6 37. Nd3 Rf8 38. Qh1 Qf5 39. Kd2 Nf6 40. Rxf3 Ne4+
41. Ke2 Qh5 42. Nf4 Rxf4 43. exf4 Re7 0-1

[Event "Rilton Cup 2013-14"]
[Site "Stockholm SWE"]
[Date "2013.12.27"]
[Round "1.5"]
[White "Henriksson, Johan"]
[Black "Hammer, Jon Ludvig"]
[Result "0-1"]
[WhiteTitle "FM"]
[BlackTitle "GM"]
[WhiteElo "2266"]
[BlackElo "2612"]
[WhiteFideId "1703560"]
[BlackFideId "1503707"]
[EventDate "2013.12.27"]

1. d4 d5 2. Nf3 Nf6 3. c4 e6 4. g3 dxc4 5. Qa4+ Nbd7 6. Bg2 a6 7. Nc3 Be7 8.
Qxc4 b5 9. Qd3 Bb7 10. O-O O-O 11. Bf4 c5 12. dxc5 Nxc5 13. Qxd8 Rfxd8 14. Ne5
Bxg2 15. Kxg2 b4 16. Nc6 bxc3 17. Nxe7+ Kf8 18. Nc6 cxb2 19. Rab1 Na4 20. Nxd8
Rxd8 21. Be5 Rd2 22. Rfd1 Rxe2 23. Bxf6 gxf6 24. Rd8+ Ke7 25. Rc8 Re4 26. a3 Kd7
27. Ra8 Re2 28. Ra7+ Kd8 29. Rb7 a5 30. Rb5 Rd2 31. Rb3 Kd7 32. Kf3 Kc6 33. Ke3
Rc2 34. Kf3 Kc5 35. Rb7 Kc4 36. Rxf7 Nc3 37. Rxb2 Rxb2 38. Rxh7 Nd1 39. Rc7+ Kb3
40. Rb7+ Kxa3 41. Rxb2 Nxb2 42. h4 Nc4 0-1

[Event "Rilton Cup 2013-14"]
[Site "Stockholm SWE"]
[Date "2013.12.27"]
[Round "1.6"]
[White "Goganov, Aleksey"]
[Black "Cederstam-Barsk, Carl"]
[Result "1-0"]
[WhiteTitle "GM"]
[WhiteElo "2581"]
[BlackElo "2256"]
[WhiteFideId "24109959"]
[BlackFideId "1713329"]
[EventDate "2013.12.27"]

1. Nf3 Nf6 2. c4 c6 3. Nc3 d5 4. e3 g6 5. d4 Bg7 6. Be2 O-O 7. O-O a6 8. Bd2 Bg4
9. Qb3 Ra7 10. cxd5 cxd5 11. h3 Bxf3 12. Bxf3 e6 13. Rfc1 Nc6 14. Na4 Qd6 15.
Qb6 Rfa8 16. Nc5 Qe7 17. Bd1 e5 18. dxe5 Nxe5 19. Be2 Nfd7 20. Nxd7 Nxd7 21. Qb3
Nc5 22. Qb4 b6 23. Qxb6 Ne4 24. Bb4 Qb7 25. Rc6 Bxb2 26. Rb1 Qxb6 27. Rxb6 a5
28. Bd6 Nxd6 29. R1xb2 Nc4 30. Rb8+ Kg7 31. Rxa8 Rxa8 32. Rb5 Rd8 33. a4 Kf6 34.
Kf1 Ke6 35. Ke1 Na3 36. Rxa5 d4 37. Rc5 dxe3 38. fxe3 Ra8 39. Bd1 Rb8 40. Rc3
Nb1 41. Rb3 Rxb3 42. Bxb3+ Ke7 43. Ke2 1-0

[Event "Rilton Cup 2013-14"]
[Site "Stockholm SWE"]
[Date "2013.12.27"]
[Round "1.7"]
[White "Nielsen, Rogvi Egilstoft"]
[Black "Grandelius, Nils"]
[Result "0-1"]
[BlackTitle "GM"]
[WhiteElo "2252"]
[BlackElo "2576"]
[WhiteFideId "7200447"]
[BlackFideId "1710400"]
[EventDate "2013.12.27"]

1. e4 c5 2. c3 Nf6 3. e5 Nd5 4. d4 cxd4 5. cxd4 d6 6. Bc4 Nb6 7. Bb5+ Bd7 8. e6
fxe6 9. Bd3 g6 10. h4 Nd5 11. h5 Qa5+ 12. Bd2 Qb6 13. hxg6 Qxd4 14. Rxh7 Bg7 15.
Rxh8+ Bxh8 16. Qh5 Bg7 17. Qh7 Bc6 18. Nc3 Nxc3 19. Bxc3 Qxd3 20. Qxg7 Bb5 21.
Qf7+ Kd7 22. Rd1 Qe4+ 23. Kd2 Nc6 24. g7 Nd4 25. Rc1 Qd3+ 26. Ke1 Nc2+ 27. Rxc2
Qxc2 28. Qf3 Qc1+ 29. Qd1 Qxd1+ 30. Kxd1 e5 0-1

[Event "Rilton Cup 2013-14"]
[Site "Stockholm SWE"]
[Date "2013.12.27"]
[Round "1.9"]
[White "Ramondino, Renzo"]
[Black "Hillarp Persson, Tiger"]
[Result "0-1"]
[WhiteTitle "FM"]
[BlackTitle "GM"]
[WhiteElo "2242"]
[BlackElo "2551"]
[WhiteFideId "810304"]
[BlackFideId "1700812"]
[EventDate "2013.12.27"]

1. Nf3 g6 2. c4 Bg7 3. d4 d6 4. e4 e5 5. Bg5 f6 6. Be3 Nc6 7. Be2 Nh6 8. d5 Ne7
9. Nc3 c5 10. h3 Nf7 11. Nh2 f5 12. g4 O-O 13. Qc1 Kh8 14. h4 Ng8 15. h5 f4 16.
Bd2 gxh5 17. Qc2 a6 18. gxh5 Ngh6 19. O-O-O Bf6 20. Rdg1 Bd7 21. Nd1 b5 22. Bc3
b4 23. Be1 Rg8 24. f3 Rxg1 25. Rxg1 Bh4 26. Nf2 Qe7 27. Qd1 Rg8 28. Rxg8+ Kxg8
29. Nfg4 Bxe1 30. Qxe1 Qg5 31. Qg1 Kf8 32. Kc2 Ke7 33. Nf1 Qxh5 34. Qh2 Bxg4 35.
fxg4 Qxh2 36. Nxh2 Ng5 37. Kd3 Ng8 38. Nf3 Nxf3 39. Bxf3 Kf6 40. Kc2 Ne7 41. Kb3
Nc8 42. Be2 Nb6 43. Kc2 Kg5 44. b3 Nd7 0-1

[Event "Rilton Cup 2013-14"]
[Site "Stockholm SWE"]
[Date "2013.12.27"]
[Round "1.10"]
[White "Tikkanen, Hans"]
[Black "Lissang, Christopher"]
[Result "1/2-1/2"]
[WhiteTitle "GM"]
[WhiteElo "2548"]
[BlackElo "2240"]
[WhiteFideId "1706446"]
[BlackFideId "1709615"]
[EventDate "2013.12.27"]

1. c4 e6 2. g3 d5 3. Bg2 Nf6 4. Nf3 Be7 5. O-O O-O 6. b3 c5 7. Bb2 d4 8. e3 Nc6
9. exd4 cxd4 10. Re1 Ne8 11. Ne5 Nxe5 12. Rxe5 f6 13. Re1 e5 14. Na3 Nc7 15. Nc2
a5 16. d3 Kh8 17. f4 exf4 18. Bxd4 Ne6 19. Bf2 fxg3 20. hxg3 Ng5 21. d4 Bh3 22.
Bxb7 Rb8 23. Bg2 Qd7 24. Bh1 Bg4 25. Rxe7 Qf5 26. Qd2 Bf3 27. Re3 Nh3+ 28. Kh2
Bxh1 29. Kxh1 Nxf2+ 30. Kg2 Ng4 31. Rf3 Qg6 32. Ne3 f5 33. Nd5 Rbe8 34. Nf4 Qf6
35. Raf1 Re4 36. d5 Qe5 37. Rh1 Kg8 38. d6 Rd4 39. Rd3 Qe4+ 40. Kg1 Rxd3 41.
Qxd3 Qe1+ 42. Kg2 Qxh1+ 43. Kxh1 Nf2+ 44. Kg2 Nxd3 45. Nxd3 Kf7 46. a3 Ke6 47.
c5 g5 48. b4 axb4 49. axb4 Rb8 50. Kf3 Kd5 51. b5 Rxb5 52. d7 Rb8 53. Nb4+ Ke6
54. c6 Rd8 55. c7 Kxd7 56. cxd8=Q+ Kxd8 57. Nc6+ Kd7 58. Nd4 f4 59. g4 Ke7 60.
Ke4 Kf6 1/2-1/2

[Event "Rilton Cup 2013-14"]
[Site "Stockholm SWE"]
[Date "2013.12.27"]
[Round "1.11"]
[White "Hammar, Bengt"]
[Black "Lintchevski, Daniil"]
[Result "0-1"]
[WhiteTitle "FM"]
[BlackTitle "GM"]
[WhiteElo "2234"]
[BlackElo "2541"]
[WhiteFideId "1700391"]
[BlackFideId "4171055"]
[EventDate "2013.12.27"]

1. e4 c6 2. d4 d5 3. Nc3 dxe4 4. Nxe4 Bf5 5. Ng3 Bg6 6. h4 h6 7. Nf3 Nd7 8. h5
Bh7 9. Bd3 Bxd3 10. Qxd3 e6 11. Bd2 Ngf6 12. O-O-O Be7 13. Qe2 Rc8 14. Kb1 c5
15. dxc5 Qc7 16. Ne4 Nxc5 17. Nxc5 Qxc5 18. Be3 Qa5 19. Nd4 O-O 20. Nb3 Qc7 21.
Bd4 Rfd8 22. Be5 Qc6 23. g4 Rxd1+ 24. Rxd1 Qg2 25. Bxf6 Bxf6 26. a3 a6 27. Rd3
b5 28. Nc1 Qc6 29. f3 a5 30. Rb3 Rb8 31. Nd3 Qc4 32. Nc1 Qd4 33. Qd3 Qg1 34. Qe3
Qh1 35. Ka2 Qd1 36. Kb1 b4 37. Qe2 Qg1 38. Qe3 Qxe3 39. Rxe3 bxa3 40. b3 a4 41.
Ka2 Bg5 42. Re1 Rc8 43. c4 axb3+ 44. Kxb3 Be7 45. Re5 Rd8 46. Kc2 Ra8 47. Na2
Kf8 48. Rb5 Ke8 49. Rb7 Ra5 50. Rb8+ Kd7 51. Rb7+ Kd8 52. Rb8+ Kc7 53. Rg8 Rg5
54. Nc3 f5 55. Kb3 fxg4 56. f4 Rxh5 57. Rxg7 Kd7 58. Rxg4 Rh3 59. Rg2 Bf6 0-1

[Event "Rilton Cup 2013-14"]
[Site "Stockholm SWE"]
[Date "2013.12.27"]
[Round "1.13"]
[White "Krantz, Christopher"]
[Black "Blomqvist, Erik"]
[Result "1/2-1/2"]
[BlackTitle "GM"]
[WhiteElo "2233"]
[BlackElo "2519"]
[WhiteFideId "1707876"]
[BlackFideId "1709437"]
[EventDate "2013.12.27"]

1. e4 c5 2. Nf3 Nc6 3. Bb5 e6 4. Bxc6 bxc6 5. d3 Ne7 6. Qe2 Qc7 7. Nh4 h6 8. g3
d6 9. f4 g6 10. Nf3 Bg7 11. e5 dxe5 12. Nxe5 Nf5 13. c3 Ba6 14. g4 Nh4 15. Nd2
g5 16. Ndc4 gxf4 17. O-O Bxe5 18. Nxe5 f6 19. Bxf4 fxe5 20. Bxe5 Bxd3 21. Qe3
Qd7 22. Bxh8 Bxf1 23. Rxf1 Qd5 24. Qf2 Kd7 25. Qxh4 Rxh8 26. Rf7+ Kc8 27. Qe7
Qd1+ 28. Kf2 Qd2+ 29. Kf3 1/2-1/2

[Event "Rilton Cup 2013-14"]
[Site "Stockholm SWE"]
[Date "2013.12.27"]
[Round "1.14"]
[White "Urkedal, Frode"]
[Black "Annenkov, Kirill"]
[Result "1/2-1/2"]
[WhiteTitle "IM"]
[BlackTitle "FM"]
[WhiteElo "2492"]
[BlackElo "2232"]
[WhiteFideId "1506102"]
[BlackFideId "4129733"]
[EventDate "2013.12.27"]

1. d4 d5 2. c4 c6 3. Nc3 Nf6 4. Nf3 dxc4 5. a4 Bf5 6. Ne5 e6 7. f3 Bb4 8. e4
Bxe4 9. fxe4 Nxe4 10. Bd2 Qxd4 11. Nxe4 Qxe4+ 12. Qe2 Bxd2+ 13. Kxd2 Qd5+ 14.
Kc2 Na6 15. Nxc4 O-O 16. Qe5 Rfd8 17. Be2 f6 18. Qxd5 cxd5 19. Na5 Rdc8+ 20. Kb3
Nc5+ 21. Ka3 b6 22. Nb3 Nxb3 23. Kxb3 a5 24. Rhc1 Rc5 25. Rxc5 bxc5 26. Kc3 Kf7
27. Ra3 Rb8 28. Bb5 Ke7 29. Kd2 Kd6 30. Rh3 h6 31. g4 e5 32. b3 e4 33. Ke3 Rb7
34. Rh5 Re7 35. h4 d4+ 36. Ke2 Re5 37. Rxe5 Kxe5 38. h5 Kf4 39. Bd7 Ke5 40. Bf5
Kf4 41. Bd7 Ke5 42. Bf5 1/2-1/2

[Event "Rilton Cup 2013-14"]
[Site "Stockholm SWE"]
[Date "2013.12.27"]
[Round "1.15"]
[White "Trygstad, Kristian"]
[Black "Semcesen, Daniel"]
[Result "0-1"]
[WhiteTitle "FM"]
[BlackTitle "IM"]
[WhiteElo "2228"]
[BlackElo "2488"]
[WhiteFideId "1501860"]
[BlackFideId "1706993"]
[EventDate "2013.12.27"]

1. e4 e5 2. Nf3 Nc6 3. Bc4 g6 4. d4 exd4 5. Nxd4 Bg7 6. Nxc6 bxc6 7. O-O d6 8.
Nc3 Rb8 9. Qf3 Qf6 10. Qg3 Ne7 11. Bb3 h6 12. f4 O-O 13. Bd2 Be6 14. Rae1 Bxb3
15. axb3 Rfe8 16. Na4 d5 17. Bc3 d4 18. Ba5 Qd6 19. Qd3 c5 20. Qc4 Nc6 21. Bd2
Bf8 22. Rf3 Qe6 23. Rg3 Kh7 24. f5 Qxc4 25. bxc4 Ne5 26. b3 d3 27. fxg6+ fxg6
28. cxd3 Rxb3 29. Nc3 c6 30. Ra1 Re7 31. Kf2 g5 32. Ke2 Rd7 33. Kd1 Nxd3 34.
Rxd3 Rxd3 35. Rxa7+ Kg6 36. Kc2 Rxd2+ 37. Kxd2 Rb2+ 38. Ke3 Rxg2 39. Ra2 Rxa2
40. Nxa2 Bd6 41. h3 Kh5 42. Kf3 Kh4 43. Kg2 g4 44. hxg4 Kxg4 45. e5 Bxe5 46. Nc1
Bc7 47. Nd3 Bd6 48. Nc1 Kf4 49. Nb3 Ke4 50. Na5 Kd4 51. Kf3 h5 52. Nxc6+ Kxc4
53. Ke4 Kb5 54. Nd4+ Kb4 55. Nc2+ Kb3 56. Nd4+ Kb2 57. Nf5 Bf8 58. Kd3 Kc1 59.
Nd4 Kd1 60. Nf3 Be7 61. Ke3 Bf6 62. Nd2 Bg5+ 0-1

[Event "Rilton Cup 2013-14"]
[Site "Stockholm SWE"]
[Date "2013.12.27"]
[Round "1.16"]
[White "Hansen, Torbjorn Ringdal"]
[Black "Zadruzny, Nicolaj"]
[Result "1-0"]
[WhiteTitle "IM"]
[WhiteElo "2473"]
[BlackElo "2251"]
[WhiteFideId "1501720"]
[BlackFideId "1709550"]
[EventDate "2013.12.27"]

1. e4 c5 2. Nf3 g6 3. d4 cxd4 4. Nxd4 Nf6 5. Nc3 Nc6 6. Nxc6 bxc6 7. e5 Ng8 8.
Bc4 Bg7 9. Qf3 f5 10. Bf4 e6 11. O-O-O Qc7 12. h4 Nh6 13. h5 g5 14. Bxg5 Nf7 15.
Bf4 Bxe5 16. Bxe5 Qxe5 17. Bxe6 Qxe6 18. Rhe1 Ne5 19. Qe3 d6 20. f4 Kf7 21. fxe5
dxe5 22. Qxe5 Qxe5 23. Rxe5 Re8 24. Rxe8 1-0

[Event "Rilton Cup 2013-14"]
[Site "Stockholm SWE"]
[Date "2013.12.27"]
[Round "1.18"]
[White "Akesson, Ralf"]
[Black "Orndahl, Markus"]
[Result "1-0"]
[WhiteTitle "GM"]
[WhiteElo "2448"]
[BlackElo "2206"]
[WhiteFideId "1700120"]
[BlackFideId "1709135"]
[EventDate "2013.12.27"]

1. d4 Nf6 2. c4 c5 3. d5 b5 4. cxb5 a6 5. bxa6 g6 6. Nc3 Bxa6 7. e4 Bxf1 8. Kxf1
d6 9. g3 Bg7 10. Kg2 Nbd7 11. Nf3 O-O 12. a4 Ng4 13. Qe2 Qb6 14. Nd2 Ngf6 15.
Nc4 Qb7 16. Bd2 Ra6 17. Nb5 Rfa8 18. b3 Ne8 19. Rad1 Nc7 20. Nxc7 Qxc7 21. Qd3
Ne5 22. Nxe5 Bxe5 23. a5 Qb7 24. Rb1 Rxa5 25. Bxa5 Rxa5 26. Rhc1 Rb5 27. Rc4 Rb6
28. Ra4 h5 29. Qc4 h4 30. gxh4 Kg7 31. h3 Qd7 32. h5 Rb8 33. hxg6 Rh8 34. Rh1
fxg6 35. Qe2 Rh4 36. Rc4 Qe8 37. b4 cxb4 38. Rxb4 Qf7 39. Qe3 Qf6 40. Rg1 Rf4
41. Rc4 Qg5+ 42. Kf1 Qh5 43. Rg3 Rh4 44. Rf3 Bf6 45. Kg2 Qe5 46. Rg3 Rh8 47. Rg4
Rb8 48. Rc7 Rb4 49. Qf4 Qxf4 50. Rxf4 g5 51. Rg4 Kg6 52. e5 1-0

[Event "Rilton Cup 2013-14"]
[Site "Stockholm SWE"]
[Date "2013.12.27"]
[Round "1.19"]
[White "Janse, Love"]
[Black "Lauber, Arnd"]
[Result "0-1"]
[BlackTitle "IM"]
[WhiteElo "2190"]
[BlackElo "2448"]
[WhiteFideId "1707647"]
[BlackFideId "4632630"]
[EventDate "2013.12.27"]

1. e4 c6 2. d3 d5 3. Nd2 e5 4. Ngf3 Bd6 5. g3 Nf6 6. Bg2 O-O 7. O-O Nbd7 8. Re1
Re8 9. c3 a5 10. a4 Qc7 11. Qc2 b6 12. d4 exd4 13. cxd4 dxe4 14. Nxe4 Rxe4 15.
Rxe4 Nxe4 16. Qxe4 Nf6 17. Qc2 Bd7 18. Bd2 Re8 19. Rc1 Qd8 20. Ng5 h6 21. Ne4
Bf8 22. Nxf6+ Qxf6 23. Be3 Rc8 24. Qc4 Qd6 25. Qa6 Qc7 26. Bf4 Qd8 27. Qb7 g5
28. Be3 Qc7 29. Qa6 Bd6 30. Qe2 Qd8 31. Qh5 Qf6 32. Be4 Kg7 33. h4 gxh4 34. gxh4
Bf4 35. Rc3 Re8 36. Bxf4 Qxf4 37. Rf3 Qg4+ 38. Rg3 Rxe4 39. d5 Qxg3+ 40. fxg3
Bg4 0-1

[Event "Rilton Cup 2013-14"]
[Site "Stockholm SWE"]
[Date "2013.12.27"]
[Round "1.20"]
[White "Socko, Monika"]
[Black "Evertsson, Lennart"]
[Result "1-0"]
[WhiteTitle "GM"]
[WhiteElo "2440"]
[BlackElo "2186"]
[WhiteFideId "1106619"]
[BlackFideId "1705156"]
[EventDate "2013.12.27"]

1. d4 d5 2. c4 c6 3. cxd5 cxd5 4. Nc3 Nf6 5. Bf4 a6 6. e3 Nc6 7. Bd3 e6 8. Rc1
Be7 9. Nf3 O-O 10. h3 b5 11. O-O Bb7 12. Qe2 Rc8 13. Rfd1 Na5 14. Bb1 Nc4 15.
Ne5 Nd6 16. f3 Nh5 17. Bh2 f5 18. g4 Nf6 19. Bd3 Nd7 20. b3 Nb6 21. Qd2 Bg5 22.
Ne2 Nf7 23. Rxc8 Nxc8 24. f4 Be7 25. gxf5 exf5 26. a4 Nfd6 27. axb5 axb5 28. Ng3
g6 29. Rc1 Re8 30. Qg2 Kf8 31. Qe2 Bf6 32. Bxb5 Re7 33. Rc5 Bg7 34. h4 Rc7 35.
b4 Nb6 36. h5 Ndc4 37. hxg6 Bxe5 38. fxe5 hxg6 39. Rxc7 Qxc7 40. Nf1 Qe7 41. Qg2
Kg7 42. Bf4 Qxb4 43. Be8 1-0

[Event "Rilton Cup 2013-14"]
[Site "Stockholm SWE"]
[Date "2013.12.27"]
[Round "1.22"]
[White "Yagupov, Igor"]
[Black "Adler, Bo"]
[Result "1-0"]
[WhiteTitle "GM"]
[WhiteElo "2427"]
[BlackElo "2168"]
[WhiteFideId "4113632"]
[BlackFideId "1702149"]
[EventDate "2013.12.27"]

1. e4 e5 2. Nf3 Nc6 3. Bb5 a6 4. Ba4 f5 5. d4 fxe4 6. Nxe5 Nf6 7. Bg5 Bd6 8. Ng4
Be7 9. Ne3 O-O 10. c3 Kh8 11. Nd2 d5 12. O-O Be6 13. Bb3 Qd7 14. Bxf6 Rxf6 15.
Nxe4 dxe4 16. d5 Bf5 17. dxc6 Qxc6 18. Nd5 Rd8 19. Nxe7 Rxd1 20. Nxc6 Rxa1 21.
Rxa1 bxc6 22. Rd1 Rd6 23. Kf1 g5 24. Bc2 Kg7 25. Re1 Rd2 26. Re2 Rxe2 27. Kxe2
Kf6 28. b4 Ke5 29. Ke3 h6 30. Bb3 c5 31. Bc4 cxb4 32. cxb4 Bc8 33. a4 Bb7 34. g3
Bc8 35. a5 c6 36. Bf7 Bf5 37. h4 Bh7 38. Bc4 1-0

[Event "Rilton Cup 2013-14"]
[Site "Stockholm SWE"]
[Date "2013.12.27"]
[Round "1.23"]
[White "Marzano, Carlo"]
[Black "Sjodahl, Pontus"]
[Result "0-1"]
[BlackTitle "IM"]
[WhiteElo "2166"]
[BlackElo "2420"]
[WhiteFideId "802980"]
[BlackFideId "1700537"]
[EventDate "2013.12.27"]

1. Nc3 d5 2. e3 g6 3. Nf3 Bg7 4. d4 Nf6 5. Bd3 c5 6. O-O O-O 7. Re1 Nbd7 8. Bf1
b6 9. e4 dxe4 10. Nxe4 Nxe4 11. Rxe4 Bb7 12. Re1 Bxf3 13. Qxf3 cxd4 14. Bg5 f6
15. Bh4 Kh8 16. Rad1 e5 17. c3 g5 18. Bg3 f5 19. h3 e4 20. Qh5 d3 21. f3 Rc8 22.
h4 g4 23. fxg4 f4 24. g5 fxg3 25. Rxe4 Nc5 26. Rc4 Qd5 27. Rg4 Qf5 28. Rxg3 Qf2+
29. Kh2 Be5 30. Bxd3 Qxg3+ 0-1

[Event "Rilton Cup 2013-14"]
[Site "Stockholm SWE"]
[Date "2013.12.27"]
[Round "1.24"]
[White "Smirnov, Artem"]
[Black "Gamback, Bjorn"]
[Result "1-0"]
[WhiteTitle "IM"]
[WhiteElo "2418"]
[BlackElo "2142"]
[WhiteFideId "4143256"]
[BlackFideId "1703161"]
[EventDate "2013.12.27"]

1. d4 d5 2. c4 e6 3. Nc3 c5 4. e3 Nf6 5. Nf3 Nc6 6. a3 a6 7. dxc5 Bxc5 8. b4 Ba7
9. Bb2 O-O 10. Qc2 Qe7 11. Rd1 Rd8 12. Be2 dxc4 13. Rxd8+ Nxd8 14. Bxc4 b5 15.
Bd3 Bb7 16. O-O Rc8 17. Rd1 h6 18. Qb1 Bb8 19. Ne2 Bd5 20. Ng3 Nb7 21. e4 Bc4
22. Bc2 a5 23. Be5 Ba7 24. h3 Nd7 25. Bf4 Bb6 26. e5 Bd5 27. Bh7+ Kh8 28. Be4
Bxe4 29. Nxe4 axb4 30. axb4 Nf8 31. Nd6 Nxd6 32. exd6 Qa7 33. Ne5 Bxf2+ 34. Kh1
Bh4 35. d7 Rd8 36. Nxf7+ Kg8 37. Nxd8 Bxd8 38. Qc2 Qa8 39. Bc7 Kf7 40. Qc5 1-0

[Event "Rilton Cup 2013-14"]
[Site "Stockholm SWE"]
[Date "2013.12.27"]
[Round "1.25"]
[White "Puzko, Danila"]
[Black "Bejtovic, Jasmin"]
[Result "1/2-1/2"]
[BlackTitle "IM"]
[WhiteElo "2129"]
[BlackElo "2402"]
[WhiteFideId "24153745"]
[BlackFideId "14400936"]
[EventDate "2013.12.27"]

1. e4 c5 2. c3 e6 3. d4 d5 4. e5 Nc6 5. Nf3 Nh6 6. Bxh6 gxh6 7. Be2 cxd4 8. cxd4
Bg7 9. Nc3 O-O 10. O-O f6 11. Bd3 fxe5 12. dxe5 Nxe5 13. Nxe5 Bxe5 14. Ne2 Bd7
15. Qd2 Bg7 16. Rad1 Qb6 17. Bb1 Qxb2 18. Qd3 Rf5 19. Rd2 Qb4 20. a3 Qb6 21. Ng3
Bb5 22. Qc2 Bxf1 23. Nxf5 exf5 24. Kxf1 Qb5+ 25. Kg1 Re8 26. Rd1 d4 27. Qxf5
Qxf5 28. Bxf5 Re5 29. Bc2 Rc5 30. Be4 b5 31. g3 Rc3 32. Rd3 Rxd3 33. Bxd3 Bf8
34. Bxb5 Bxa3 35. Kg2 a5 36. Kf3 Kg7 37. Ke4 Bb2 38. f4 h5 39. h3 Kf6 40. Ba4 h6
41. h4 Ke6 42. Bd1 Kd6 43. Bxh5 Bc3 44. Bf7 Be1 45. Kxd4 Bxg3 46. h5 Bxf4 47.
Be8 Bg5 48. Ke4 Ke7 49. Ba4 Kf8 50. Kf5 1/2-1/2

[Event "Rilton Cup 2013-14"]
[Site "Stockholm SWE"]
[Date "2013.12.27"]
[Round "1.26"]
[White "Tsyhanchuk, Stanislav"]
[Black "Norlin, Egor"]
[Result "1/2-1/2"]
[WhiteTitle "IM"]
[WhiteElo "2398"]
[BlackElo "2125"]
[WhiteFideId "13505130"]
[BlackFideId "1713973"]
[EventDate "2013.12.27"]

1. c4 e6 2. Nf3 Nf6 3. b3 Be7 4. Bb2 O-O 5. e3 c5 6. Be2 b6 7. O-O Bb7 8. d3 d5
9. Nbd2 Nc6 10. cxd5 Nxd5 11. Ne4 f5 12. Ng3 Bf6 13. d4 cxd4 14. exd4 g6 15. Re1
Re8 16. Rc1 Rc8 17. Qd2 Qd6 18. Ne5 Qb4 19. Qxb4 Ndxb4 20. a3 Bxe5 21. dxe5 Nd5
22. b4 Kf7 23. Nf1 Nce7 24. Nd2 Nf4 25. Bb5 Bc6 26. Ba6 Rb8 27. Nc4 Red8 28.
Nd6+ Kf8 29. Bf1 Nfd5 30. g3 Rd7 31. h4 Rc7 32. Rc2 Bd7 33. Rxc7 Nxc7 34. Bc1
Ne8 35. Bh6+ Kg8 36. Rc1 Nxd6 37. exd6 Nd5 38. Bc4 Rc8 39. Ba6 Rxc1+ 40. Bxc1
Kf7 41. Bb7 Nc3 42. Bf4 Ne2+ 43. Kg2 Nxf4+ 44. gxf4 Kf6 45. Kf3 1/2-1/2

[Event "Rilton Cup 2013-14"]
[Site "Stockholm SWE"]
[Date "2013.12.27"]
[Round "1.27"]
[White "Lochte, Thomas"]
[Black "Bellon Lopez, Juan Manuel"]
[Result "0-1"]
[BlackTitle "GM"]
[WhiteElo "2110"]
[BlackElo "2382"]
[WhiteFideId "4606272"]
[BlackFideId "2200031"]
[EventDate "2013.12.27"]

1. e4 c5 2. d4 cxd4 3. c3 dxc3 4. Nxc3 Nc6 5. Nf3 e6 6. Bc4 Qc7 7. Qe2 Nf6 8. e5
Ng4 9. Bf4 f5 10. h3 Nh6 11. Nb5 Qb8 12. Nd6+ Bxd6 13. exd6 O-O 14. Rd1 Nf7 15.
g4 b5 16. Bxb5 Bb7 17. gxf5 e5 18. Be3 Nd4 19. Rxd4 exd4 20. Rg1 dxe3 21. f6 g6
22. Bd3 Bxf3 23. Qxf3 Qxd6 0-1

[Event "Rilton Cup 2013-14"]
[Site "Stockholm SWE"]
[Date "2013.12.27"]
[Round "1.28"]
[White "Sagit, Rauan"]
[Black "Kassani, Sam"]
[Result "1-0"]
[WhiteTitle "FM"]
[WhiteElo "2369"]
[BlackElo "2095"]
[WhiteFideId "1708376"]
[BlackFideId "1709089"]
[EventDate "2013.12.27"]

1. e4 c6 2. d4 d5 3. Nc3 dxe4 4. Nxe4 Bf5 5. Ng3 Bg6 6. h4 h6 7. Nf3 Nd7 8. h5
Bh7 9. Bd3 Bxd3 10. Qxd3 e6 11. Bd2 Ngf6 12. O-O-O Be7 13. Kb1 O-O 14. Ne4 Nxe4
15. Qxe4 Nf6 16. Qe2 Qd5 17. Ne5 Qe4 18. Qxe4 Nxe4 19. Be3 Rfd8 20. g4 Rac8 21.
f3 Nf6 22. f4 Nd5 23. Bc1 b5 24. g5 hxg5 25. fxg5 Bd6 26. Nd3 c5 27. dxc5 Bxc5
28. g6 f6 29. h6 Bf8 30. hxg7 Bxg7 31. Rde1 e5 32. Bh6 Bxh6 33. Rxh6 Kg7 34.
Rh7+ Kxg6 35. Rxa7 Kf5 36. Rf1+ Ke6 37. b4 e4 38. Ra6+ Ke7 39. Nc5 e3 40. Kb2
Rd6 41. Ra5 Rb6 42. a3 Kd6 43. Ra7 Rxc5 44. bxc5+ Kxc5 45. Rf5 Kd6 46. Kc1 Ke6
47. Rf3 Ke5 48. Ra8 Re6 49. Rh8 Ke4 50. Rg3 f5 51. Rgg8 Rc6 52. Re8+ Kf3 53. Re5
Nf4 54. Rxf5 e2 55. Re8 Rc4 56. Rxb5 Kf2 57. Kd2 Rd4+ 58. Kc3 Ra4 59. Rbe5 Rxa3+
60. Kd2 Ra2 61. Rf8 Ra4 62. Rxe2+ 1-0